O coração e a garrafa (Registo nº 5958)
[ vista simples ]
| 000 -Etiqueta do registo | |
|---|---|
| Valores | 00947nam a2200289 4500 |
| 010 ## - Número ISBN | |
| ISBN | 9789898868763 |
| 021 ## - Número do Depósito Legal | |
| Número | 468380/20 |
| 100 ## - Dados gerais de processamento | |
| Dados gerais | 20211231d2020 c||y0pory50030103ba |
| 200 1# - Titulo e menção de responsabilidade | |
| Título próprio | O coração e a garrafa |
| Primeira menção de responsabilidade | texto e il. Oliver Jeffers |
| Outras menções de responsabilidade | adapt. Christina Casnellie |
| -- | trad. Rui Lopes |
| 205 ## - Menção da edição | |
| Edição | 2ª ed |
| 210 #9 - Publicação | |
| Local de publicação | Lisboa |
| Nome do editor | Orfeu Negro, |
| Data de publicação | 2020 |
| 215 ## - Descrição física | |
| Paginação / Volumes | [35] p. |
| Outras indicações físicas | il. |
| Dimensões | 28 cm |
| 225 2# - Colecção | |
| Título próprio da colecção | Orfeu mini |
| 304 ## - Nota relativa ao título | |
| Texto de nota | T�it. orig.: The heart and the bottle |
| 606 ## - Nome comum usado como assunto | |
| ID Autoridade | 14 |
| Palavra de ordem | Literatura infantil |
| 606 ## - Nome comum usado como assunto | |
| ID Autoridade | 13 |
| Palavra de ordem | Literatura Estrangeira |
| 675 ## - CDU | |
| Notação | 82-93 |
| Edição | BN |
| Língua | por |
| 675 ## - CDU | |
| Notação | 821.1/.8 |
| Edição | BN |
| Língua | por |
| 700 ## - Autor principal (pessoa individual) | |
| Apelido | Jeffers |
| Nome | Oliver |
| Datas | 1977- |
| ID Autoridade | 667 |
| 701 ## - Co-autor principal (pessoa individual) | |
| Apelido | Casnellie |
| Nome | Christina |
| Datas | 1982- |
| ID Autoridade | 3675 |
| 702 ## - Autor secundário (pessoa individual) | |
| Apelido | Lopes |
| Nome | Rui |
| ID Autoridade | 673 |
| 801 #0 - Fonte de origem | |
| País | PT |
| Agência | BMVN |
| Regras de catalogação | RPC |
| 830 ## - Notas gerais do catalogador | |
| Criado por | Ana Caetano |
| Data de criação | 31/12/2021 |
| 856 41 - Localização e acesso electrónico | |
| URL | <a href="http://rnod.bnportugal.gov.pt/ImagesBN/winlibimg.aspx?skey=&doc=2059172&img=145302&save=true">http://rnod.bnportugal.gov.pt/ImagesBN/winlibimg.aspx?skey=&doc=2059172&img=145302&save=true</a> |
| 990 ## - Elementos KOHA | |
| Tipo de documento | Livro |
| Situação do levantamento | Biblioteca de origem | Código de barras | Cota | Permissão de empréstimo | Tipo de documento | Forma de aquisição |
|---|---|---|---|---|---|---|
| Biblioteca Municipal de Vendas Novas | 100000029834 | LI EST/JEF | Livro |